| 000 | 00757nam a22002057a 4500 | ||
|---|---|---|---|
| 999 |
_c8541 _d8541 |
||
| 003 | AR-CdUCM | ||
| 008 | 190325b ||||| |||| 00| 0 eng d | ||
| 040 |
_aMUNICIPALIDAD PROVINCIAL DEL CUSCO _cBIBLIOTECA MUNICIPAL DEL CUSCO |
||
| 082 |
_a985.6 / _bAD23 |
||
| 100 |
_aAdams, Mark _923919 |
||
| 245 |
_aTurn right at Machu Picchu : _brediscovering the Lost City One Step at a Time / |
||
| 260 |
_aLondon : _bPenguin Group, _c2011. |
||
| 300 |
_a333 páginas ; _bImágenes, mapas. _c20 cm. |
||
| 505 | _aContenido: The three Hirams -- Itinerant Scholar -- Explorer -- Legend of the lost city -- Peruvian standard time ... | ||
| 650 |
_aMachu Picchu _95672 |
||
| 650 |
_aDescubrimiento _9249 |
||
| 650 |
_a1911 _923920 |
||
| 942 |
_2ddc _cLIBROS |
||
| 945 | _aafb | ||